000
00310nam a22001337a 4500
008
170503b xxu||||| |||| 00| 0 eng d
020
_a
2900830414795
041
_a
eng
080
_2
4TH
_a
343.9
100
_a
14
101
_a
SHJ
245
_a
INTRODUCTION TO CRIMINAL EVIDENCE
_c
WALTZ, J.R
942
_2
udc
_c
BK
999
_c
12490
_d
12490